000
00331nam a2200145Ia 4500
008
230711s9999||||xx |||||||||||||| ||und||
041
_a
ENG
082
_a
540
_b
KH-S
100
_a
Khosla,B.D
245
0
_a
Senior practical physical Chemistry
250
_a
1st
260
_c
1991
_a
New Delhi
_b
RCC
650
_a
Chemistry
942
_c
BK
999
_c
190
_d
190